| 000 | 01630nam a2200361 a 4500 | ||
|---|---|---|---|
| 001 | 119882 | ||
| 005 | 20230410115537.0 | ||
| 008 | 891117s1988 mx af bs f000 0 spa | ||
| 010 | _a89208036 | ||
| 020 | _a9681627792 (Obra completa) | ||
| 020 | _a9681630297 (t. 6) | ||
| 040 |
_aDLC _cDLC _dDLC |
||
| 043 | _an-mx--- | ||
| 050 | 1 | 4 |
_aHD9506. _b.E79 1988 |
| 245 | 0 | 3 |
_aEl Estado y la minería mexicana : _bpolítica, trabajo y sociedad durante el siglo XX / _cJuan Luis Sariego ... [et al.]. |
| 260 |
_aMéxico, D.F. : _bSecretaría de Engería, Minas e Industria Paraestatal : _bInstituto Nacional de Antropología e Historia : _bComisión de Fomento Minero : _bFondo de Cultura Económica, _c1988. |
||
| 300 |
_a571 p., [3] folded leaves of plates : _bill. ; _c23 cm. |
||
| 440 | 0 |
_aIndustria paraestatal en México ; _vt. 6 |
|
| 504 | _aIncluye referencias bibliográficas e indice (. P 559-565). | ||
| 650 | 4 | _aCRV | |
| 650 | 4 | _aColección René Villarreal. | |
| 650 | 4 |
_aMineria _xPolítica económica _zMexico. |
|
| 650 | 4 |
_aMineria _xHistoria _zMexico _ySiglo XX. |
|
| 650 | 0 |
_aMineral industries _xGovernment policy _zMexico _xHistory _y20th century. |
|
| 650 | 0 |
_aMineral industries _xGovernment ownership _zMexico _xHistory _y20th century. |
|
| 650 | 0 |
_aMineral industries _xGovernment policy _zMexico _xHistory _y20th century _xSources. |
|
| 650 | 0 |
_aMineral industries _xGovernment ownership _zMexico _xHistory _y20th century _xSources. |
|
| 700 | 2 | _aSariego Rodrâiguez, Juan Luis. | |
| 710 | 1 |
_aMexico. _bSecretarâia de Energâia, Minas e Industria Paraestatal. |
|
| 922 | _aap | ||
| 942 |
_2lcc _cbk |
||
| 946 | _almd | ||
| 999 |
_c43299 _d43299 |
||